| 000 | 00637nam a22001937a 4500 | ||
|---|---|---|---|
| 999 |
_c61664 _d61664 |
||
| 005 | 20240412162650.0 | ||
| 008 | 240412s2006 enk||||| |||| 00| 0 eng d | ||
| 020 | _a9780787980399x | ||
| 041 | _aeng | ||
| 080 | _a614 S-35 | ||
| 100 |
_aSchneller, Eugene _921785 |
||
| 245 |
_aStrategic Management of the Health : _b Care Supply Chain / _c Eugene Schneller, Larry R. Smeltzer. |
||
| 264 |
_aSan Francisco : _bJossey-Bass, _c2006. |
||
| 300 |
_a305 p.; _b24 cm. |
||
| 653 | _aჯანდაცვა | ||
| 653 | _aმედიცინა | ||
| 700 |
_aSmeltzer, Larry R. _eავტორი _921786 |
||
| 942 |
_2udc _cᲬᲘᲒᲜᲘ |
||